Soda logos - Statistics

General Stats
  • This quiz has been taken 26 times
  • The average score is 8 of 14
Answer Stats
Hint Answer % Correct
real magic coke
96%
obey your thirst sprite
87%
wants fanta fanta
83%
made in carolina pepsi
83%
do the dew Mountain dew
74%
take the ouch outta grouch 7up
57%
Drink a bite to eat at 10, 2, and 4 Dr pepper
57%
run into the sun sunkist
57%
bring home the root beer A&W
52%
your comfort zone awaits Canada dry
43%
Fun and flavor in every sip, what's not to love? crush
39%
me and my rc RC Cola
35%
uniquely southern cheerwine
13%
a giant pipeline of refreshment sundrop
9%
No matching quizzes found
Score Distribution
Percent of People with Each Score
Percentile by Number Answered
Your Score History
You have not taken this quiz